00620nam a2200217 i 4500001000300000003000400003005001700007008003900024020001500063040000800078080000700086080001500093080001000108100002800118245004500146260003700191300003600228650001500264655002500279856009800304bgBPK20220321111520.0010210s2000 pl f |000 0 pol a8372660107 cBPK a51 a(075.2/.3) a(083)1 aSzymczyk, TomaszeAutor10aTablice matematyczne /cTomasz Szymczyk. aBielsko-Biała :b"Park",c2000. a166 s. :brys., wykr. ;c21 cm. 4aMatematyka 4aTablice matematyczne uhttp://koha.tu.koszalin.pl/cgi-bin/koha/opac-detail.pl?biblionumber=37178yKatalog online BPK